Learning Resource and Development

Fundamentals of freshman mathematics / (Record no. 26379)

MARC details
000 -LEADER
fixed length control field 01263nam a2200277 i 4500
003 - CONTROL NUMBER IDENTIFIER
control field CSPC
005 - DATE AND TIME OF LATEST TRANSACTION
control field 20231108142819.0
008 - FIXED-LENGTH DATA ELEMENTS--GENERAL INFORMATION
fixed length control field 231108s1975 nyua 001 0 eng
020 ## - INTERNATIONAL STANDARD BOOK NUMBER
International Standard Book Number 070013667
050 ## - LIBRARY OF CONGRESS CALL NUMBER
Classification number 74-37087
082 ## - DEWEY DECIMAL CLASSIFICATION NUMBER
Classification number 510
Item number G760m
100 1# - MAIN ENTRY--PERSONAL NAME
Personal name Allendoerfer, Carl B.,
Relator term author.
245 ## - TITLE STATEMENT
Title Fundamentals of freshman mathematics /
Statement of responsibility, etc. Carl B. Allendoerfer.
250 ## - EDITION STATEMENT
Edition statement 3rd
Remainder of edition statement Edition.
264 ## - PRODUCTION, PUBLICATION, DISTRIBUTION, MANUFACTURE, AND COPYRIGHT NOTICE
Place of production, publication, distribution, manufacture New York :
Name of producer, publisher, distributor, manufacturer McGraw-Hill,
Date of production, publication, distribution, manufacture, or copyright notice 1975.
300 ## - PHYSICAL DESCRIPTION
Extent x, 636 pages :
Other physical details Figures ;
Dimensions 23 cm.
336 ## - CONTENT TYPE
Source rdacontent
Content type term text
Content type code txt
337 ## - MEDIA TYPE
Source rdamedia
Media type term unmediated
Media type code n
338 ## - CARRIER TYPE
Source rdacarrier
Carrier type term volume
Carrier type code nc
500 ## - GENERAL NOTE
General note Includes index.
505 ## - FORMATTED CONTENTS NOTE
Formatted contents note Mathematical method -- The number system -- Polynomials -- Algebraic fractions -- Exponents and radicals -- Equations -- Vectors and matrices -- Inequalities -- Functions and relations -- Algebraic functions -- Exponential and logarithmic functions -- Trigonometric functions of angles -- Trigonometric functions of real numbers -- Analytic geometry -- Intuitive integration -- Intuitive differentiation -- Hyperbolic functions.
650 ## - SUBJECT ADDED ENTRY--TOPICAL TERM
Topical term or geographic name entry element Mathematics
700 1# - ADDED ENTRY--PERSONAL NAME
Personal name Oakley, Cletus O.,
Relator term author.
942 ## - ADDED ENTRY ELEMENTS (KOHA)
Source of classification or shelving scheme Dewey Decimal Classification
Suppress in OPAC No
Koha item type Books
Classification part 510 G760m
Call number prefix CIR
Call number suffix 1975
Holdings
Withdrawn status Lost status Source of classification or shelving scheme Damaged status Not for loan Home library Current library Shelving location Date acquired Total Checkouts Full call number Barcode Date last seen Copy number Price effective from Koha item type
    Dewey Decimal Classification     CAMPUS CSPC CAMPUS CSPC Circulation Section 11/08/2023   CIR 510 G760m 1975 000790-BUH 11/08/2023 1-1 11/08/2023 Books